Marki samolotów 3# - Statystyki

Ogólne statystyki
  • Ten quiz został rozwiązany 6 razy
  • Średni wynik to 7 z 20
Statystyki odpowiedzi
Obrazkowy Odpowiedź % Poprawnych
Airbus A340
100%
Airbus A321
80%
Airbus A220
60%
McDonnell Douglas MD-80
60%
Airbus A318
40%
Boeing 717
40%
Embraer 190
40%
Sukhoi Superjet 100
40%
Antonow An-124 Rusłan
20%
BAC 1-11
20%
BAe 146
20%
Bombardier CRJ-100
20%
Cessna 180
20%
Convair 580
20%
Dassault Mercure
20%
Embraer EMB-120
20%
Hawker Siddeley Trident
20%
Lockheed Constellation
20%
Piper Malibu
20%
Tupolew Tu-104
20%
Nie znaleziono quizów pasujących do podanych kryteriów
Rozkład punktacji
Procent ludzi z każdym wynikiem
Percentyl według liczby udzielonych odpowiedzi
Twoja historia wyników
Nie rozwiązałeś tego quizu